00620 2200229 4500001002100000005001500021035002000036245004700056100003200103250001100135300003600146700002600182264004100208336002100249337002000270338002300290082000800313084001400321020002200335600002000357990001300377INLIS00000000000195820240812010215 a0010-08240000521 aAku Tak Membenci Hujan /cSri Puja Hartini0 aSri Puja HartiniePengarang aCet. 1 a348 halaman :bilus ;c14x20 cm0 aIsao EvanePenyunting aDepok :bAkad Media Cakrawala,c2023 2rdacontentaTeks 2rdamediaacetak 2rdacarrierakertas a813 a813 SRI a a978-623-09-1500-0 4afiksi indonesia a24000063